000 00353nam a2200145Ia 4500
008 231217s9999 xx 000 0 und d
041 _aEnglish
082 _a001.6424PAS VEN R'
100 _aVenugopal, K RVimala, H S
245 0 _aProgramming with Pascal and C
260 _c1994
_bTMH,
300 _axix+1015
650 _aCPascal
942 _cAA
999 _c164108
_d164108